It looks like you're offline.
Open Library logo
additional options menu

MARC Record from Scriblio

Record ID marc_records_scriblio_net/part02.dat:94105776:563
Source Scriblio
Download Link /show-records/marc_records_scriblio_net/part02.dat:94105776:563?format=raw

LEADER: 00563cam 22001931 4500
001 22012762
003 DLC
005 20050823154014.0
008 720420s1922 xx 000 0 eng
010 $a 22012762
035 $a(OCoLC)289876
040 $aDLC$cOU$dDLC
042 $apremarc
050 00 $aBS1135$b.M3
100 1 $aMargolis, Max Leopold,$d1866-1932.
245 14 $aThe Hebrew Scriptures in the making,$cby Max L. Margolis.
260 $aPhiladelphia,$bThe Jewish Publication Society of America,$c1922.
300 $a131 p.$c17 cm.
630 00 $aBible.$pO.T.$xCanon.